000 00640cam a2200181 a 4500
020 _a9065441794
020 _a3787540229 (Metzner)
040 _cDLC
082 0 0 _a346.43/065
_a344 A.ME 1984 A078 Or.
100 1 _aJung, Harald,
245 1 0 _aStarting business operations in Germany :
_ba practical guide with emphasis on sales agency agreements, limited liability companies, branch operations /
260 _aDeventer, Netherlands :
_bKluwer ;
_aFrankfurt am Main, Germany :
_bA. Metzner,
_c1984.
300 _a79 p. ;
_c24 cm.
500 _aIncludes index.
650 0 _aBusiness enterprises
700 1 _aGres, Joachim.
942 _cEK
999 _c15468
_d15468